LEADER 08388nam 22008775 450 001 9910485025203321 005 20251226202339.0 010 $a1-280-38756-4 010 $a9786613565488 010 $a3-642-14031-9 024 7 $a10.1007/978-3-642-14031-0 035 $a(CKB)2670000000028933 035 $a(SSID)ssj0000446386 035 $a(PQKBManifestationID)11297670 035 $a(PQKBTitleCode)TC0000446386 035 $a(PQKBWorkID)10496066 035 $a(PQKB)10643613 035 $a(DE-He213)978-3-642-14031-0 035 $a(MiAaPQ)EBC3065479 035 $a(PPN)149064233 035 $a(BIP)31063976 035 $a(EXLCZ)992670000000028933 100 $a20100628d2010 u| 0 101 0 $aeng 135 $aurnn|008mamaa 181 $ctxt 182 $cc 183 $acr 200 10$aComputing and Combinatorics $e16th Annual International Conference, COCOON 2010, Nha Trang, Vietnam, July 19-21, 2010 Proceedings /$fedited by My T. Thai, Sartaj Sahni 205 $a1st ed. 2010. 210 1$aBerlin, Heidelberg :$cSpringer Berlin Heidelberg :$cImprint: Springer,$d2010. 215 $a1 online resource (553 p. 103 illus.) 225 1 $aTheoretical Computer Science and General Issues,$x2512-2029 ;$v6196 300 $aBibliographic Level Mode of Issuance: Monograph 311 08$a3-642-14030-0 320 $aIncludes bibliographical references and index. 327 $aInvited Talks -- Understanding and Inductive Inference -- Computing with Cells: Membrane Systems -- Complexity and Inapproximability -- Boxicity and Poset Dimension -- On the Hardness against Constant-Depth Linear-Size Circuits -- A K-Provers Parallel Repetition Theorem for a Version of No-Signaling Model -- The Curse of Connectivity: t-Total Vertex (Edge) Cover -- Counting Paths in VPA Is Complete for #NC 1 -- Depth-Independent Lower Bounds on the Communication Complexity of Read-Once Boolean Formulas -- Approximation Algorithms -- Multiplying Pessimistic Estimators: Deterministic Approximation of Max TSP and Maximum Triangle Packing -- Clustering with or without the Approximation -- A Self-stabilizing 3-Approximation for the Maximum Leaf Spanning Tree Problem in Arbitrary Networks -- Approximate Weighted Farthest Neighbors and Minimum Dilation Stars -- Approximated Distributed Minimum Vertex Cover Algorithms for Bounded Degree Graphs -- Graph Theory and Algorithms -- Maximum Upward Planar Subgraph of a Single-Source Embedded Digraph -- Triangle-Free 2-Matchings Revisited -- The Cover Time of Deterministic Random Walks -- Finding Maximum Edge Bicliques in Convex Bipartite Graphs -- A Note on Vertex Cover in Graphs with Maximum Degree 3 -- Computing Graph Spanners in Small Memory: Fault-Tolerance and Streaming -- Factorization of Cartesian Products of Hypergraphs -- Graph Drawing and Coloring -- Minimum-Segment Convex Drawings of 3-Connected Cubic Plane Graphs -- On Three Parameters of Invisibility Graphs -- Imbalance Is Fixed Parameter Tractable -- The Ramsey Number for a Linear Forest versus Two Identical Copies of Complete Graphs -- Computational Geometry -- Optimal Binary Space Partitions in the Plane -- Exact and Approximation Algorithms for Geometric and Capacitated Set Cover Problems -- Effectof Corner Information in Simultaneous Placement of K Rectangles and Tableaux -- Detecting Areas Visited Regularly -- Tile-Packing Tomography Is -hard -- The Rectilinear k-Bends TSP -- Tracking a Generator by Persistence -- Auspicious Tatami Mat Arrangements -- Automata, Logic, Algebra and Number Theory -- Faster Generation of Shorthand Universal Cycles for Permutations -- The Complexity of Word Circuits -- On the Density of Regular and Context-Free Languages -- Extensions of the Minimum Cost Homomorphism Problem -- The Longest Almost-Increasing Subsequence -- Universal Test Sets for Reversible Circuits -- Approximate Counting with a Floating-Point Counter -- Network Optimization and Scheduling Algorithm -- Broadcasting in Heterogeneous Tree Networks -- Contention Resolution in Multiple-Access Channels: k-Selection in Radio Networks -- Online Preemptive Scheduling with Immediate Decision or Notification and Penalties -- Computational Biology and Bioinformatics -- Discovering Pairwise Compatibility Graphs -- Near Optimal Solutions for Maximum Quasi-bicliques -- Fast Coupled Path Planning: From Pseudo-Polynomial to Polynomial -- Constant Time Approximation Scheme for Largest Well Predicted Subset -- On Sorting Permutations by Double-Cut-and-Joins -- A Three-String Approach to the Closest String Problem -- A 2k Kernel for the Cluster Editing Problem -- Data Structure and Sampling Theory -- On the Computation of 3D Visibility Skeletons -- The Violation Heap: A Relaxed Fibonacci-Like Heap -- Threshold Rules for Online Sample Selection -- Heterogeneous Subset Sampling -- Cryptography, Security, Coding and Game Theory -- Identity-Based Authenticated Asymmetric Group Key Agreement Protocol -- Zero-Knowledge Argument for Simultaneous Discrete Logarithms -- Directed Figure Codes: Decidability Frontier. 330 $aThe papers in this volume were selected for presentation at the 16th Annual InternationalComputing and CombinatoricsConference (COCOON 2010), held duringJuly19-21,2010inNhaTrang,Vietnam.Previousmeetingsofthisconf- encewereheldinSingapore(2002),BigSky(2003),JejuIsland(2004),Kunming (2005), Taipei (2006), Alberta (2007), Dalian (2008) and New York (2009). COCOON 2010 provided a forum for researchers working in the areas of - gorithms, theory of computation, computational complexity, and combinatorics related to computing. In all, 133 papers were submitted from 40 countries and regions, of which 54 were accepted. Authors of the submitted papers were from Australia (10), Bangladesh (11), Belgium (1), Canada (23), Chile (1), China (20), Colombia (1), Czech Republic (6), Denmark (1), France (25), France(1), Germany (13), Greece (2), Hong Kong (7), Hungary (2), India (18), Indonesia (8),IslamicRepublicofIran(2),Ireland(1),Israel(6),Italy(6),Japan(31),- publicofKorea(4),Malaysia(1),TheNetherlands(2),NewZealand(2),Norway (3), Pakistan (1), Poland (1), Portugal (1), Russian Federation (3), Singapore (6), Slovakia (1), Spain (7), Sweden (2), Taiwan (19), Thailand (2), UK (2), USA (44), and Vietnam (15). The submitted papers wereevaluated by an internationalTechnical Program Committee (TPC). Each paper was evaluated by at least three TPC members, with possible assistance of the external referees, as indicated by the referee list found in the proceedings. Some of these 54 accepted papers will be selected for publication in a special issue of Algorithmica, Journal of Combinatorial - timization,and Discrete Mathematics, Algorithms, and Application under the standard refereeing procedure. In addition to the selected papers, the conf- ence also included two invited presentations by Manuel Blum (Carnegie Mellon University) and Oscar H. Ibarra (University of California Santa Barbara). 410 0$aTheoretical Computer Science and General Issues,$x2512-2029 ;$v6196 606 $aAlgorithms 606 $aComputer science$xMathematics 606 $aDiscrete mathematics 606 $aComputer networks 606 $aComputer science 606 $aComputer graphics 606 $aArtificial intelligence 606 $aAlgorithms 606 $aDiscrete Mathematics in Computer Science 606 $aComputer Communication Networks 606 $aTheory of Computation 606 $aComputer Graphics 606 $aArtificial Intelligence 615 0$aAlgorithms. 615 0$aComputer science$xMathematics. 615 0$aDiscrete mathematics. 615 0$aComputer networks. 615 0$aComputer science. 615 0$aComputer graphics. 615 0$aArtificial intelligence. 615 14$aAlgorithms. 615 24$aDiscrete Mathematics in Computer Science. 615 24$aComputer Communication Networks. 615 24$aTheory of Computation. 615 24$aComputer Graphics. 615 24$aArtificial Intelligence. 676 $a511/.6 701 $aThai$b My T$01731909 701 $aSahni$b Sartaj K$056931 712 12$aCOCOON 2010 801 0$bMiAaPQ 801 1$bMiAaPQ 801 2$bMiAaPQ 906 $aBOOK 912 $a9910485025203321 996 $aComputing and combinatorics$94194697 997 $aUNINA